Statistics for NCAA FOOTBALL MOST COMMON COLLEGES RANKED #1

Click here to take the quiz!

General Stats

  • This quiz has been taken 109 times
  • The average score is 13 of 18

Answer Stats

HintAnswer% Correct
140 weeks (2022)Alabama
99%
40 weeks (2023)Georgia
96%
34 weeks (1997)Michigan
95%
105 weeks (2019)Ohio State
90%
45 weeks (2008)Texas
90%
41 weeks (2009)Florida
87%
38 weeks (2019)LSU
85%
25 weeks (2020)Clemson
83%
91 weeks (2012)USC
80%
101 weeks (2011)Oklahoma
78%
72 weeks (2014)Florida State
77%
98 weeks (2012)Notre Dame
74%
21 weeks (1997)Penn State
67%
68 weeks (2002)Miami (FL)
66%
70 weeks (2000)Nebraska
62%
29 weeks (1966)Michigan State
54%
21 weeks (1982)Pittsburgh
29%
27 weeks (1958)Army
26%

Score Distribution

Percentile by Number Answered

Percent of People with Each Score

Your Score History

You have not taken this quiz